[Event "Prague-ch 3rd phase"]
[Site "Prague"]
[Date "2008.04.17"]
[Round "2"]
[White "Zacek, Zdenek"]
[Black "Hase, Pavel"]
[Result "0-1"]
[WhiteElo "2109"]
[BlackElo "2082"]
[PlyCount "90"]
[EventDate "2008.04.10"]
[EventType "swiss"]
[EventRounds "9"]
[EventCountry "CZE"]
[SourceTitle "EXT 2010"]
[Source "ChessBase"]
[SourceDate "2010.11.25"]
[SourceVersion "1"]
[SourceVersionDate "2010.11.25"]
[SourceQuality "1"]

1. e4 c5 2. Nc3 Nc6 3. g3 g6 4. Bg2 Bg7 5. f4 d6 6. d3 Rb8 7. Nf3 e6 8. 0-0 Nge7 9. g4 f5 10. gxf5 exf5 11. Qe1 0-0 12. Be3 Re8 13. Qf2 b6 14. h4 Bb7 15. h5 d5 16. exd5 Nb4 17. Ne5 Nbxd5 18. Rae1 Nxc3 19. bxc3 Bxg2 20. Qxg2 Qd5 21. c4 Qxg2+ 22. Kxg2 g5 23. Bd2 g4 24. Rf2 Nc8 25. h6 Bf8 26. Nd7 Rxe1 27. Bxe1 Rb7 28. Nxf8 Kxf8 29. Bc3 Kf7 30. a4 Re7 31. Kf1 Re6 32. Rh2 Kg6 33. Kf2 Ne7 34. Bg7 Nc6 35. Bc3 Nd4 36. Bxd4 cxd4 37. Rh1 Re3 38. a5 bxa5 39. Ra1 Kh5 40. Rxa5 g3+ 41. Kf1 Kg4 42. Rxa7 Kf3 43. Rg7 Re6 44. c5 Rxh6 45. Kg1 Ra6 0-1

[Event "Prague-ch 3rd phase"]
[Site "Prague"]
[Date "2008.04.10"]
[Round "1"]
[White "Horinek, Karel"]
[Black "Zacek, Zdenek"]
[Result "0-1"]
[WhiteElo "2068"]
[BlackElo "2109"]
[PlyCount "104"]
[EventDate "2008.04.10"]
[EventType "swiss"]
[EventRounds "9"]
[EventCountry "CZE"]
[SourceTitle "EXT 2010"]
[Source "ChessBase"]
[SourceDate "2010.11.25"]
[SourceVersion "1"]
[SourceVersionDate "2010.11.25"]
[SourceQuality "1"]

1. e4 Nf6 2. Nc3 d5 3. e5 d4 4. Nb5 Ng4 5. Nf3 Nc6 6. b3 a6 7. h3 Ngxe5 8. Nbxd4 Nxd4 9. Nxe5 Bf5 10. Nd3 Qd5 11. f3 0-0-0 12. Bb2 Nxc2+ 13. Qxc2 Bxd3 14. Bxd3 Qxd3 15. Qxd3 Rxd3 16. Ke2 Rd5 17. Rhc1 e5 18. Rc2 Bb4 19. a3 Ba5 20. b4 Bb6 21. Rac1 c6 22. Rc4 Rhd8 23. R1c2 Bd4 24. Bc1 f5 25. d3 f4 26. a4 g5 27. Ba3 Kd7 28. Bc1 Ke6 29. Ba3 h5 30. Rc1 Rg8 31. R4c2 g4 32. fxg4 hxg4 33. h4 Rh8 34. Rh1 Kf5 35. Rcc1 Rd7 36. b5 axb5 37. axb5 cxb5 38. Bc5 Bxc5 39. Rxc5 Rhd8 40. Rd1 Rd5 41. Rc3 b4 42. Rb3 Rd4 43. Rf1 R8d6 44. g3 f3+ 45. Ke3 e4 46. Ra1 Rxd3+ 47. Rxd3 Rxd3+ 48. Kf2 e3+ 49. Kf1 b5 50. Rc1 Rc3 51. Rb1 b3 52. Kg1 b4 0-1

[Event "Czechia KP-chTA 0607"]
[Site "Czech Republic"]
[Date "2007.04.01"]
[Round "11.2"]
[White "Zacek, Zdenek"]
[Black "Kopriva, Petr"]
[Result "1-0"]
[WhiteElo "2073"]
[BlackElo "1947"]
[PlyCount "122"]
[EventDate "2006.10.29"]
[EventType "team-tourn"]
[EventRounds "11"]
[EventCountry "CZE"]
[SourceTitle "EXT 2008"]
[Source "ChessBase"]
[SourceDate "2007.11.25"]
[SourceVersion "1"]
[SourceVersionDate "2007.11.25"]
[SourceQuality "1"]
[WhiteTeam "AS MB"]
[BlackTeam "Melnik"]
[WhiteTeamCountry "CZE"]
[BlackTeamCountry "CZE"]

1. e4 c5 2. Nf3 d6 3. d4 cxd4 4. Nxd4 Nf6 5. Nc3 a6 6. Bc4 e6 7. Bb3 Nbd7 8. 0-0 Nc5 9. Qe2 Be7 10. f3 Qc7 11. Be3 0-0 12. Rfe1 b5 13. a3 Nxb3 14. Nxb3 Bb7 15. Qf2 Nd7 16. Bd4 Nc5 17. e5 Nxb3 18. cxb3 dxe5 19. Bxe5 Bd6 20. Bxd6 Qxd6 21. Rad1 Qc7 22. Rd4 Rad8 23. Red1 Rxd4 24. Qxd4 h6 25. b4 Rc8 26. Rd2 Kf8 27. Rd1 Qe7 28. Qb6 Qc7 29. Qe3 Re8 30. Qc5+ Re7 31. Kf2 Ke8 32. Qd4 f6 33. h3 Rd7 34. Qxd7+ Qxd7 35. Rxd7 Kxd7 36. f4 Kd6 37. g3 e5 38. Ke3 f5 39. h4 g6 40. Kd3 Bg2 41. Ke3 Ke6 42. Kf2 Bd5 43. Ke3 Bc6 44. Kd3 Kf6 45. Ke3 g5 46. hxg5+ hxg5 47. Ne2 Ke6 48. fxg5 Kf7 49. Nc1 Be4 50. Nb3 Kg6 51. Nc5 Bc6 52. Nd3 Kxg5 53. Nxe5 Bb7 54. Kd4 Kf6 55. Nd7+ Kg5 56. Ne5 Kf6 57. Nd3 Kg5 58. Nf2 Bc8 59. Ke5 Bd7 60. Kd6 Bc8 61. Kc7 Be6 1-0

[Event "Prague-ch 3rd lag"]
[Site "Prague"]
[Date "2006.05.18"]
[Round "6"]
[White "Zacek, Zdenek"]
[Black "Routner, Jakub"]
[Result "1/2-1/2"]
[WhiteElo "2182"]
[BlackElo "2166"]
[PlyCount "132"]
[EventDate "2006.04.13"]
[EventType "swiss"]
[EventRounds "7"]
[EventCountry "CZE"]
[SourceTitle "EXT 2008"]
[Source "ChessBase"]
[SourceDate "2007.11.25"]
[SourceVersion "1"]
[SourceVersionDate "2007.11.25"]
[SourceQuality "1"]

1. e4 c5 2. Nf3 e6 3. Nc3 a6 4. a4 Qc7 5. Bc4 Nc6 6. 0-0 Nf6 7. d3 Be7 8. Ne1 0-0 9. f4 d6 10. Nf3 Rb8 11. Qe1 Nb4 12. Bb3 b5 13. axb5 axb5 14. e5 Nfd5 15. Ne4 c4 16. dxc4 bxc4 17. Ba4 dxe5 18. fxe5 Qa7+ 19. Kh1 Nxc2 20. Bxc2 Qxa1 21. Nfg5 Rxb2 22. Nf6+ Nxf6 23. Bxb2 Qxb2 24. exf6 Bxf6 25. Qe2 Bb7 26. Nxh7 Be7 27. Nxf8 Kxf8 28. Qxc4 Qe5 29. Qf4 Qxf4 30. Rxf4 Bd6 31. Ra4 Bd5 32. Be4 Bxe4 33. Rxe4 g5 34. g4 Ke7 35. Kg2 f6 36. h3 Be5 37. Ra4 f5 38. Kf3 Kf6 39. Ra8 Bd6 40. Ra6 Ke5 41. Ra5+ Kf6 42. Rb5 Bc7 43. Rc5 Bb8 44. gxf5 exf5 45. Rc6+ Ke5 46. Rg6 g4+ 47. hxg4 fxg4+ 48. Rxg4 Kd5 49. Ke3 Kc6 50. Rb4 Ba7+ 51. Ke4 Bb6 52. Rb2 Ba7 53. Rc2+ Kb7 54. Kd5 Ka8 55. Kc6 Kb8 56. Rh2 Ka8 57. Rh8+ Bb8 58. Rh7 Ba7 59. Kc7 Bb8+ 60. Kc8 Ba7 61. Rb7 Be3 62. Rb8+ Ka7 63. Rb3 Bf4 64. Ra3+ Kb6 65. Kd7 Kb7 66. Ra4 Be3 1/2-1/2

[Event "Prague-ch 3rd lag"]
[Site "Prague"]
[Date "2006.04.20"]
[Round "2"]
[White "Plasek, Zdenek"]
[Black "Zacek, Zdenek"]
[Result "1-0"]
[WhiteElo "2061"]
[BlackElo "2182"]
[PlyCount "105"]
[EventDate "2006.04.13"]
[EventType "swiss"]
[EventRounds "7"]
[EventCountry "CZE"]
[SourceTitle "EXT 2008"]
[Source "ChessBase"]
[SourceDate "2007.11.25"]
[SourceVersion "1"]
[SourceVersionDate "2007.11.25"]
[SourceQuality "1"]

1. d4 g6 2. c4 Nf6 3. Nc3 Bg7 4. e4 d6 5. g3 0-0 6. Bg2 Nbd7 7. Nf3 e5 8. 0-0 Nh5 9. Be3 c6 10. Qd2 f5 11. exf5 gxf5 12. dxe5 dxe5 13. Bh6 Qf6 14. Bxg7 Nxg7 15. Ng5 h6 16. Nf3 Ne6 17. Nh4 Nd4 18. f4 e4 19. Rad1 Ne6 20. Bh3 Ng7 21. Qd6 Qxd6 22. Rxd6 Nb6 23. b3 Be6 24. Rfd1 Rfe8 25. Ng2 Nc8 26. Rd8 Kf7 27. Ne3 Rxd8 28. Rxd8 Nb6 29. Rd2 Ke7 30. Kf2 Rd8 31. Rxd8 Kxd8 32. g4 fxg4 33. Bxg4 h5 34. Bd1 Ke7 35. Nxe4 Nd7 36. Kg3 Nf5+ 37. Nxf5+ Bxf5 38. Bf3 b6 39. Kh4 c5 40. Kg5 Ke6 41. Nc3 Bc2 42. Bxh5 Nf6 43. Bg6 Nh7+ 44. Kh6 Bxg6 45. Kxg6 Nf8+ 46. Kg7 Nd7 47. h4 Kf5 48. h5 Nf6 49. h6 Nh5+ 50. Kf7 Nxf4 51. h7 Ng6 52. Kg7 Kg5 53. Nb5 1-0

[Event "Prague-ch 3rd lag"]
[Site "Prague"]
[Date "2006.04.16"]
[Round "1"]
[White "Zacek, Zdenek"]
[Black "Krischke, Arnold"]
[Result "1-0"]
[WhiteElo "2182"]
[BlackElo "2094"]
[PlyCount "121"]
[EventDate "2006.04.13"]
[EventType "swiss"]
[EventRounds "7"]
[EventCountry "CZE"]
[SourceTitle "EXT 2008"]
[Source "ChessBase"]
[SourceDate "2007.11.25"]
[SourceVersion "1"]
[SourceVersionDate "2007.11.25"]
[SourceQuality "1"]

1. d4 Nf6 2. Bg5 c5 3. c3 Qb6 4. Qc2 d5 5. Nd2 e6 6. e3 Be7 7. Ngf3 h6 8. Bh4 Nbd7 9. Be2 0-0 10. Ne5 Qd8 11. f4 Nxe5 12. fxe5 Nd7 13. Bxe7 Qxe7 14. 0-0 b6 15. Rf3 Bb7 16. Raf1 f5 17. exf6 Rxf6 18. Rxf6 Nxf6 19. Qg6 Rf8 20. Bd3 Bc6 21. Nf3 Ne4 22. Qg4 Nf6 23. Qh4 Qe8 24. Ne5 Bb5 25. Bxb5 Qxb5 26. Ng6 Rf7 27. Ne5 Rf8 28. Qh3 Qe8 29. g3 Ne4 30. Rxf8+ Kxf8 31. Qg4 Kg8 32. h4 c4 33. Kg2 b5 34. a3 a5 35. Qe2 b4 36. cxb4 axb4 37. axb4 Qa4 38. Kh3 Qxb4 39. Qf3 Qe7 40. Nxc4 Qb4 41. Ne5 Qxb2 42. Qf7+ Kh8 43. Qe8+ Kh7 44. Qg6+ Kh8 45. Nf7+ Kg8 46. Nxh6+ Kh8 47. Ng4 Nf2+ 48. Nxf2 Qxf2 49. Qxe6 Qf3 50. Qe5 Kh7 51. Qf4 Qh1+ 52. Kg4 Qg2 53. Kg5 Kg8 54. g4 Qc2 55. h5 Qc6 56. Qe5 Qd7 57. Kh4 Qd8+ 58. g5 Kh7 59. Kg3 Qa5 60. g6+ Kh6 61. Kg4 1-0

[Event "CZE-chT3A Middle 0506  "]
[Site "Czech Republic"]
[Date "2005.10.30"]
[Round "1.2"]
[White "Fejtek, Petr"]
[Black "Zacek, Zdenek"]
[Result "1/2-1/2"]
[WhiteElo "1899"]
[BlackElo "2072"]
[PlyCount "67"]
[EventDate "2005.10.30"]
[EventType "team-tourn"]
[EventRounds "11"]
[EventCountry "CZE"]
[SourceTitle "EXT 2009"]
[Source "ChessBase"]
[SourceDate "2008.11.26"]
[SourceVersion "1"]
[SourceVersionDate "2008.11.26"]
[SourceQuality "1"]

1. e4 c5 2. c4 Nc6 3. Ne2 g6 4. d4 cxd4 5. Nxd4 Bg7 6. Be3 d6 7. Be2 Nf6 8. Nc3 0-0 9. 0-0 Bd7 10. Rc1 Nxd4 11. Bxd4 Bc6 12. f3 Nd7 13. Bxg7 Kxg7 14. Qd4+ Kg8 15. b4 Qb6 16. Qxb6 Nxb6 17. Nd5 Bxd5 18. cxd5 Rfc8 19. Kf2 Kg7 20. Ke3 f5 21. Kd4 Kf6 22. g3 Rxc1 23. Rxc1 Rc8 24. Rxc8 Nxc8 25. f4 fxe4 26. Kxe4 Nb6 27. Kd4 Kf5 28. h3 h6 29. Bg4+ Kf6 30. h4 Kf7 31. Be6+ Kf6 32. Bg4 Kf7 33. Be6+ Kf6 34. Bg4 1/2-1/2